|
|
|
|
| LEADER |
00869nab a2200241 i 4500 |
| 001 |
publ14593 |
| 005 |
20190201115220.0 |
| 008 |
190201s2018 hu o 0|| angol d |
| 022 |
|
|
|a 1463-9076
|
| 024 |
7 |
|
|a 10.1039/c7cp08282g
|2 doi
|
| 024 |
7 |
|
|a 3352564
|2 mtmt
|
| 040 |
|
|
|a SZTE Publicatio Repozitórium
|b hun
|
| 041 |
|
|
|a angol
|
| 100 |
1 |
|
|a Rauscher Evelin
|
| 245 |
1 |
0 |
|a Osmotic contribution to the flow-driven tube formation of copper–phosphate and copper–silicate chemical gardens
|h [elektronikus dokumentum] /
|c Rauscher Evelin
|
| 260 |
|
|
|c 2018
|
| 300 |
|
|
|a 5766-5770
|
| 490 |
0 |
|
|a PHYSICAL CHEMISTRY CHEMICAL PHYSICS
|v 20 No. 8
|
| 700 |
0 |
1 |
|a Schuszter Gábor
|e aut
|
| 700 |
0 |
1 |
|a Bohner Bíborka
|e aut
|
| 700 |
0 |
1 |
|a Tóth Ágota
|e aut
|
| 700 |
0 |
1 |
|a Horváth Dezső
|e aut
|
| 856 |
4 |
0 |
|u http://publicatio.bibl.u-szeged.hu/14593/1/pccp20-5766-2018.pdf
|z Dokumentum-elérés
|